000 01333 a2200193 4500
003 Nust
005 20221121182719.0
020 _a0074622455
040 _cNust
082 _a621.381,MIL
100 _aMillman, Jacob
_941595
245 _aIntegrated electronics
_banalog and digital circuits and systems /
_cJacob Millman and Christos C. Halkias
260 _aNew Delhi
_bTata McGraw-Hill
_c1972
300 _axv, 910 p.
505 _aEnergy Bands In Solids (Page-1), Transport Phenomena In Semiconductors (Page-19), Junction-Diode Characteristics (Page-49), Diode Circuits (Page-87), Transistor Characteristics (Page-118), Digital Circuits (Page-156), Integrated Circuits (Page-196), The Transistor At Low Frequencies (Page-233), Transistor Biasing And Thermal Stabilization (Page-282), Field Effect Transistors (Page-310), The Transistors At High Frequencies (Page-348), Multistage Amplifiers (Page-372), Feedback Amplifiers (Page-408), Stability And Oscillators (Page-447), Operational Amplifiers (Page-501), Integrated Circuits As Analog System Building Blocks (Page-537), Integrated Circuits As Digital System Building Blocks (Page-593), Power Circuits And Systems (Page-677), Semiconductor-Devices Physics (Page-726).
650 _aTelecom engineering
_9103227
700 _aHalkias, Christos C.
_9103313
942 _2ddc
_cBK
999 _c188548
_d188548